Statistics for Somebody I Used To Know Lyrics

Click here to take the quiz!

General Stats

  • This quiz has been taken 7,078 times
    (6,556 since last reset)
  • The average score is 18 of 25

Answer Stats

LyricsAnswer% Correct
Now and then I think of when we were __________together
95%
Like when you said you felt so _______ you could diehappy
92%
But felt so ______ in your companylonely
89%
Now you're just somebody that I ____ __ ____used to know
89%
And I don't even ____ your loveneed
88%
And then _____ your numberchange
85%
But you treat me ____ _ ________ and that feels so roughlike a stranger
85%
Told myself that you were _____ ___ __right for me
85%
But you didn't have to ___ __ ___cut me off
83%
You can get _________ to a certain kind of sadnessaddicted
76%
But I'll admit that I was ____ that it was overglad
76%
Well you said that we would _____ __ _______still be friends
76%
Now and then I think of all the times you _______ __ ____screwed me over
73%
Have your friends collect ____ _______your records
71%
No you didn't have to _____ __ ___stoop so low
70%
But I don't wanna ____ ____ ___live that way
67%
Make out like __ _____ ________ and that we were nothingit never happened
66%
You said that you could ___ __ __let it go
66%
So when we found that we could ___ ____ _____not make sense
63%
And I wouldn't catch you ____ __ on somebody that you used to knowhung up
62%
But that was love and it's an ____ I still rememberache
58%
I _____ that I don't need that thoughguess
56%
But had me __________ it was always something that I'd donebelieving
53%
_______ into every word you sayReading
43%
Like ___________ to the end, always the endresignation
40%

Score Distribution

Percentile by Number Answered

Percent of People with Each Score

Your Score History

You have not taken this quiz since the last reset